00297nam a2200073Ia 4500008004100000050002600041100002800067245012800095230915s9999 xx 000 0 und d aTHE ZA4081.86.M84.C.1 aCECILIA WATETU MUGAMBI  0aANALYSIS OF THE IMPLEMENTATION OF AN INSTITUTIONAL REPOSITRY: A CASE STUDY OF DEDAN KIMATHI UNIVERSITY OF TECHNOLOGY, KENYA